[Event "Titled Tue 7th Jan Late"]
[Site "chess.com INT"]
[Date "2025.01.07"]
[Round "7"]
[White "Dardha, Daniel"]
[Black "Carlsen, M."]
[Result "1-0"]
[WhiteElo "2645"]
[BlackElo "2831"]
[PlyCount "87"]
[EventDate "2025.01.07"]

1. Nf3 g6 2. c4 Bg7 3. Nc3 c5 4. e3 Nf6 5. Be2 O-O 6. O-O d5 7. cxd5 Nxd5 8. Qb3 ({RR} 8. a3 Nc6 9. Qc2 b6 10. Rd1 Bb7 11. b3 Rc8 12. Bb2 e6 13. Nxd5 Qxd5 14. Bxg7 Kxg7 15. Qb2+ Kg8 16. d3 e5 17. b4 cxb4 18. axb4 a6 19. Bf1 f6 20. d4 e4 21. Nd2 Kg7 22. Nc4 Qd8 {Prokofiev,V (2424)-Sri Darshini T (1836) chess.com INT 2025 1-0}) 8... Nb6 9. a4 Be6 10. Qc2 $146 ({RR} 10. Qb5 Na6 11. a5 Bd7 12. Qb3 Be6 13. Qd1 Nd5 14. Ng5 Nxc3 15. bxc3 Bd5 16. e4 Bc6 17. f3 Nc7 18. Qb3 Rb8 19. Kh1 e6 20. Nh3 f5 21. d3 Kh8 22. Ba3 b6 23. axb6 axb6 24. Bb2 b5 {Maghsoodloo,P (2569)-Molaei,M (2327) Sari 2018 ½-½ (74)}) 10... Nc6 11. d3 Nb4 12. Qd1 Qd7 13. e4 Rfd8 14. a5 Nc8 15. Be3 Nxd3 16. Bxd3 Qxd3 17. Bxc5 Qxd1 18. Rfxd1 Nd6 19. Bxd6 Rxd6 20. Rxd6 exd6 21. Rd1 Rd8 22. Nd4 Bc4 23. Ndb5 Be5 24. g3 a6 25. f4 Bxf4 26. gxf4 axb5 27. Kf2 b4 28. Nd5 b3 29. Nb6 Be6 30. e5 d5 31. Ke3 f6 32. Kd4 Kf7 33. Rd3 fxe5+ 34. fxe5 g5 35. Rf3+ Ke7 36. Rxb3 h5 37. Na4 Bc8 38. Nc5 g4 39. Nxb7 Rf8 40. Nc5 h4 41. a6 Rf4+ 42. Kxd5 Rf8 43. a7 Rd8+ 44. Kc6 1-0

[Event "World Blitz 2024"]
[Site "New York USA"]
[Date "2024.12.30"]
[Round "2.1"]
[White "Carlsen, M."]
[Black "Hovhannisyan, R."]
[Result "1-0"]
[WhiteElo "2831"]
[BlackElo "2626"]
[PlyCount "91"]
[EventDate "2024.12.30"]
[EventType "blitz"]

1. Nf3 d5 2. g3 g6 3. Bg2 Bg7 4. O-O e5 5. d3 Nc6 6. e4 dxe4 7. dxe4 Qxd1 8. Rxd1 Bg4 9. c3 Nf6 10. Re1 ({RR} 10. h3 Be6 11. Ng5 Bd7 12. Nd2 h6 13. Ngf3 O-O-O 14. Re1 Be6 15. Bf1 Nd7 16. Nb3 a5 17. Be3 a4 18. Nbd2 Bf8 19. b4 axb3 20. axb3 Bc5 21. Bxc5 Nxc5 22. b4 Nd7 23. Nc4 f6 24. Ra8+ Ncb8 {Carlsen,M (2830)-Wei Yi (2755) Warsaw POL 2024 1-0 (58)}) ({RR} 10. h3 Be6 11. Ng5 Bd7 12. Nd2 h6 13. Ngf3 O-O-O 14. Re1 Be6 15. Bf1 Ne8 16. Kg2 Nd6 17. b4 Rhe8 18. Nh4 g5 19. Nhf3 f5 20. b5 Na5 21. exf5 Bd5 22. g4 c5 23. bxc6 Nxc6 24. Bb2 e4 {Petriashvili,N (2450)-Lumachi,G (2450) Trieste ITA 2025 ½-½ (39)}) 10... Nd7 $146 ({RR} 10... a5 11. Nbd2 O-O-O 12. Nc4 Nd7 13. Be3 Be6 14. Ncd2 f6 15. Red1 Bf8 16. Bf1 Bc5 17. Bc4 Bxc4 18. Nxc4 b5 19. Bxc5 Nxc5 20. Nxa5 Nxa5 21. b4 Nxe4 22. bxa5 Nxc3 23. Rxd8+ Rxd8 24. Kf1 Rd1+ 25. Rxd1 {Anandh,V (2071)-Tabatabaei,M (2695) chess.com INT 2024 0-1 (39)}) ({RR} 10... O-O 11. Na3 h6 12. Nc4 Rfe8 13. a4 Rad8 14. b4 Be6 15. Bf1 Nd7 16. b5 Ncb8 17. Be3 b6 18. a5 f5 19. axb6 axb6 20. Ra7 Rc8 21. Nfd2 Rf8 22. Bh3 Kf7 23. Rd1 f4 24. Bxe6+ Kxe6 25. gxf4 {Carlsen,M (2831)-Bok,B (2593) chess.com INT 2024 1-0 (55)}) ({RR} 10... O-O-O 11. h3 Bd7 12. Na3 Ne8 13. Nc4 Be6 14. Bf1 h6 15. b4 Nd6 16. Nfd2 f5 17. Nxd6+ cxd6 18. a3 d5 19. exd5 Bxd5 20. Bb2 e4 21. Nc4 Bxc4 22. Bxc4 Ne5 23. Be2 Nd3 24. Bxd3 Rxd3 25. Re2 {Wan Yunguo (2493)-Shankland,S (2672) chess.com INT 2024 0-1 (48)}) 11. h3 Bxf3 12. Bxf3 h5 13. Nd2 h4 14. Kg2 Nc5 15. Be2 Bh6 16. Nf3 Bxc1 17. Raxc1 hxg3 18. fxg3 Rd8 19. Rc2 a5 20. b4 axb4 21. cxb4 Nd3 22. Rb1 Ndxb4 23. Rcb2 Ra8 24. Bc4 O-O 25. Rxb4 Nxb4 26. Rxb4 Ra7 27. Nxe5 Kg7 28. Kf3 c6 29. Rb6 Re8 30. Nd3 Ra4 31. Nb2 Ra3+ 32. Bb3 Re7 33. Nc4 Ra8 34. Nd6 Rd7 35. e5 f6 36. Rxb7 Rxb7 37. exf6+ Kxf6 38. Nxb7 Ke5 39. Kg4 Kd4 40. Kg5 c5 41. Nd6 Ra6 42. Nc4 Ke4 43. h4 Kf3 44. g4 Ra8 45. Ne5+ Ke4 46. Nxg6 1-0

[Event "World Blitz 2024"]
[Site "New York USA"]
[Date "2024.12.30"]
[Round "2.12"]
[White "Wei Yi"]
[Black "Christiansen, Johan-Sebastian"]
[Result "1-0"]
[WhiteElo "2753"]
[BlackElo "2661"]
[PlyCount "65"]
[EventDate "2024.12.30"]
[EventType "blitz"]

1. Nf3 d5 2. b3 Nf6 3. Bb2 e6 4. c4 b6 5. g3 Bb7 6. Bg2 dxc4 7. bxc4 c5 8. O-O Be7 9. e3 O-O 10. Qe2 Nc6 11. Nc3 Qd7 12. Rad1 Rfd8 13. d4 cxd4 14. exd4 Na5 15. d5 exd5 16. Nxd5 Nxd5 17. cxd5 Bf8 $146 ({RR} 17... Bd6 18. Qd3 Qg4 19. Nd2 Rac8 20. Ba1 Bf8 21. Rfe1 Qa4 22. Qf5 Rd6 23. Ne4 {1-0 (23) Kovalyov,A (2651)-Coleman,T (2380) Philadelphia 2018}) 18. Ne5 Qe8 19. Rfe1 Bb4 20. Qg4 Qf8 21. Re4 Bc8 22. Qh5 Bc5 23. Rh4 h6 24. d6 Be6 25. Bxa8 Rxa8 26. Ng4 Bxg4 27. Rxg4 f6 28. Qxh6 Kf7 29. Qg6+ Kg8 30. Bxf6 Re8 31. Qxg7+ Qxg7 32. Rxg7+ Kf8 33. d7 1-0

[Event "World Blitz 2024"]
[Site "New York USA"]
[Date "2024.12.30"]
[Round "2.20"]
[White "Giri, A."]
[Black "Volokitin, And"]
[Result "1-0"]
[WhiteElo "2733"]
[BlackElo "2649"]
[PlyCount "115"]
[EventDate "2024.12.30"]
[EventType "blitz"]

1. Nf3 Nf6 2. g3 d5 3. Bg2 c6 4. O-O Bf5 5. c4 e6 6. Qb3 Qc7 7. d3 Bd6 8. Nc3 O-O 9. cxd5 exd5 10. Bd2 Nbd7 11. Rac1 Nc5 $146 ({RR} 11... a6 12. Nd4 Be6 13. Nxe6 fxe6 14. Qc2 Rae8 15. d4 Qb6 16. e3 e5 17. Na4 Qd8 18. dxe5 Nxe5 19. b3 Ne4 20. Nc3 Nf3+ 21. Bxf3 Rxf3 22. Nxe4 dxe4 23. Bb4 Bxb4 24. Qc4+ Qd5 {½-½ (24) Grossberger,U (1815)-Uksini,B (1605) Graz 2010}) 12. Qc2 a5 13. Nd4 Bd7 14. Bg5 Qd8 15. Qd2 h6 16. Bf4 Qe7 17. Rfe1 Bxf4 18. Qxf4 Ne6 19. Nf5 Qb4 20. Qe5 Kh7 21. e4 dxe4 22. Nxe4 Nxe4 23. Bxe4 g6 24. a3 Qb6 25. Ne3 Qd4 26. Nc4 Qxe5 27. Nxe5 Rad8 28. Nc4 a4 29. Nb6 Nd4 30. Nxa4 Bf5 31. Kg2 Be6 32. Nc5 Nb3 33. Nxe6 fxe6 34. Rc3 Nd4 35. a4 Ra8 36. Rc4 Rfd8 37. Rec1 Kg7 38. Rb4 Ra7 39. Rcc4 e5 40. f4 b5 41. axb5 cxb5 42. Rc5 exf4 43. gxf4 Ne6 44. Rc6 Nxf4+ 45. Kf3 Rf8 46. Rxb5 Nxd3+ 47. Ke3 Nf4 48. Rcb6 Re7 49. Rb7 Rxb7 50. Rxb7+ Kg8 51. b4 g5 52. b5 Rf6 53. b6 Kf8 54. Rb8+ Ke7 55. b7 Rb6 56. Rh8 Rb3+ 57. Kd2 Ne6 58. b8=Q 1-0

[Event "World Blitz 2024"]
[Site "New York USA"]
[Date "2024.12.30"]
[Round "4.3"]
[White "Shankland, S."]
[Black "So, W."]
[Result "1-0"]
[WhiteElo "2672"]
[BlackElo "2747"]
[PlyCount "165"]
[EventDate "2024.12.30"]
[EventType "blitz"]

1. Nf3 d5 2. g3 c5 3. Bg2 Nc6 4. d4 e6 5. O-O cxd4 6. Nxd4 Nge7 7. c4 Nxd4 ({RR} 7... dxc4 8. Nxc6 Qxd1 9. Rxd1 Nxc6 10. Nd2 Na5 11. b3 c3 12. Ne4 c2 13. Rd2 Bd7 14. Rxc2 Nc6 15. Be3 Be7 16. Nc5 Bxc5 17. Bxc5 Rd8 18. Rd1 f6 19. Rd6 Kf7 20. Rcd2 Bc8 21. Rxd8 Rxd8 22. Rxd8 {Vila Dupla,A (2056)-Weisz,B (2057) chess.com INT 2025 ½-½ (72)}) 8. Qxd4 Nc6 9. Qd3 $146 ({RR} 9. Qc3 d4 10. Qc2 Be7 11. Rd1 O-O 12. e3 Qb6 13. a3 a5 14. b3 Bc5 15. Bb2 dxe3 16. b4 exf2+ 17. Kh1 axb4 18. axb4 Rxa1 19. bxc5 Qa5 20. Bxa1 Qxa1 21. Qxf2 Rd8 22. Rf1 Ne5 23. h3 f6 {Rogule,L (2309)-Botsari,A (2341) Turin 2006 0-1 (49)}) ({RR} 9. Qd1 d4 10. e3 Bc5 11. exd4 Bxd4 12. Nc3 O-O 13. Nb5 Bb6 14. b3 a6 15. Nc3 Bd4 16. Bb2 e5 17. Qd2 Be6 18. Nd5 b5 19. cxb5 axb5 20. Nf4 exf4 21. Bxc6 Bxb2 22. Qxb2 Rb8 23. Rfd1 Qb6 {Ding Liren (2728)-Gukesh,D (2783) Singapore SIN 2024 0-1 (58)}) 9... d4 10. a3 a5 11. e3 Bc5 12. exd4 Bxd4 13. Rd1 e5 14. Qe2 O-O 15. Nc3 Be6 16. Nb5 Qd7 17. Be3 Rfd8 18. c5 a4 19. Rac1 Bg4 20. Bf3 h5 21. Bxg4 Qxg4 22. Qxg4 hxg4 23. Bxd4 exd4 24. Kf1 Rd7 25. Nd6 Ra5 26. Rc4 b6 27. Ne4 b5 28. Rcc1 Rd5 29. Nd6 g6 30. Ke2 Kg7 31. Kd3 f5 32. Re1 b4 33. Nb7 Ra7 34. Kc4 Re5 35. Nd6 bxa3 36. bxa3 Rae7 37. Rxe5 Rxe5 38. Kb5 Nd8 39. Kb6 Rd5 40. Nb5 d3 41. c6 d2 42. Rd1 Nxc6 43. Kxc6 Rd3 44. Kc5 Kf6 45. Kc4 Rd8 46. Nd4 Rc8+ 47. Kd3 Rh8 48. Rxd2 Rxh2 49. Kc4 f4 50. Re2 g5 51. Kb4 Rg2 52. Kxa4 fxg3 53. fxg3 Rxg3 54. Re6+ Kf7 55. Re4 Kg6 56. Kb4 Kh5 57. Nf5 Rf3 58. Nd4 Rh3 59. Ne2 g3 60. a4 g2 61. a5 Rh1 62. a6 g1=Q 63. Nxg1 Rxg1 64. Kb5 Rb1+ 65. Rb4 Ra1 66. Ra4 Rb1+ 67. Kc6 Rb8 68. a7 Ra8 69. Kb7 Rf8 70. a8=Q Rxa8 71. Rxa8 Kg4 72. Kc6 Kf3 73. Rf8+ Ke3 74. Rg8 Kf4 75. Kd5 g4 76. Kd4 Kf3 77. Kd3 g3 78. Rf8+ Kg2 79. Ke2 Kh1 80. Rh8+ Kg1 81. Kf3 g2 82. Rg8 Kh1 83. Kf2 1-0

[Event "World Blitz 2024"]
[Site "New York USA"]
[Date "2024.12.30"]
[Round "4.7"]
[White "Wei Yi"]
[Black "Lodici, Lorenzo"]
[Result "1-0"]
[WhiteElo "2753"]
[BlackElo "2564"]
[PlyCount "55"]
[EventDate "2024.12.30"]
[EventType "blitz"]

1. Nf3 d5 2. b3 Bg4 3. e3 c6 4. Bb2 Nd7 5. h3 Bh5 6. d3 e6 7. Nbd2 h6 ({RR} 7... a5 8. a3 h6 9. g4 Bg6 10. Qe2 Ngf6 11. e4 a4 12. b4 c5 13. e5 Ng8 14. b5 h5 15. Bg2 hxg4 16. hxg4 Rxh1+ 17. Bxh1 Nh6 18. c4 Nb6 19. d4 Rc8 20. Rd1 Nxg4 21. Qf1 cxd4 22. Qh3 {Nisipeanu,L (2678)-Svidler,P (2727) Baku 2015 ½-½}) 8. g4 $146 ({RR} 8. e4 Ngf6 9. Qe2 Qa5 10. e5 Bxf3 11. Qxf3 Bb4 12. Qd1 Ng8 13. a3 Bc3 14. b4 Bxd2+ 15. Qxd2 Qc7 16. Be2 Ne7 17. O-O Nxe5 18. Qf4 N7g6 19. Qg3 O-O-O 20. Bh5 Nd7 21. Bxg6 Qxg3 22. fxg3 fxg6 {Czebe,A (2475)-Borosova,Z (2312) Dunajska Streda 2017 1-0}) 8... Bg6 9. h4 h5 10. g5 a5 11. a3 Ne7 12. e4 a4 13. b4 c5 14. Bh3 Qb6 15. O-O Qc6 16. Re1 b6 17. Qe2 Bh7 18. bxc5 bxc5 19. Rab1 d4 20. c3 Ng6 21. cxd4 Nf4 22. Qf1 f6 23. d5 Qd6 24. Nc4 Qa6 25. dxe6 Nb8 26. gxf6 gxf6 27. Bxf6 Rg8+ 28. Ng5 1-0

[Event "World Blitz 2024"]
[Site "New York USA"]
[Date "2024.12.30"]
[Round "5.63"]
[White "Petrosian, TL."]
[Black "Horvath, Dominik"]
[Result "1-0"]
[WhiteElo "2551"]
[BlackElo "2542"]
[PlyCount "61"]
[EventDate "2024.12.30"]
[EventType "blitz"]

1. Nf3 c5 2. g3 Nc6 3. c4 Nf6 4. Nc3 d5 5. cxd5 Nxd5 6. Bg2 g6 7. Qb3 e6 8. O-O Bg7 9. Qb5 ({RR} 9. d3 O-O 10. Bg5 Qd7 11. Rac1 b6 12. a3 Bb7 13. Qa4 Nxc3 14. bxc3 h6 15. Bd2 Rfd8 16. Rfd1 Na5 17. Qxd7 Rxd7 18. c4 Nb3 19. Rb1 Bxf3 20. Bxf3 Nxd2 21. Rxd2 {½-½ (21) Gumularz,S (2587)-Deng,H (2336) San Jose CA USA 2024}) 9... Qb6 10. Qc4 Qb4 11. Qd3 $146 ({RR} 11. Qxb4 Ndxb4 12. Ne4 b6 13. Nd6+ Ke7 14. Nxc8+ Raxc8 15. d3 Rhd8 16. Bg5+ Bf6 17. Bxf6+ Kxf6 18. Rfc1 Nd4 19. Nxd4 cxd4 20. a3 Nd5 21. Kf1 Ke5 22. Ke1 Kd6 23. Kd2 Rc5 24. Rc4 Rdc8 25. b3 e5 {Artemiev,V (2704)-Dominguez Perez,L (2758) Chess24.com INT 2021 ½-½ (45)}) ({RR} 11. Qxb4 Ndxb4 12. Ne4 b6 13. Nd6+ Ke7 14. Nxc8+ Raxc8 15. d3 Rhd8 16. Bg5+ Bf6 17. Bxf6+ Kxf6 18. Rfc1 Nd4 19. Nxd4 cxd4 20. a3 Nd5 21. Kf1 Ke5 22. Ke1 Kd6 23. Kd2 Rc5 24. Rc4 Rdc8 25. b3 e5 {Artemiev,V (2704)-Dominguez Perez,L (2758) Chess24.com INT 2021 ½-½ (45)}) 11... c4 12. Qe4 O-O 13. Qh4 h6 14. Rd1 g5 15. Qe4 Rd8 16. Re1 f5 17. Qc2 g4 18. Nh4 Nd4 19. Qb1 Qe7 20. e3 Nxc3 21. dxc3 Nc6 22. e4 Qf7 23. exf5 exf5 24. Bf4 Be6 25. Qc2 Rd3 26. Bf1 Rd7 27. Qa4 Bd5 28. Rad1 Kh7 29. Rxd5 Qxd5 30. Bxc4 Qc5 31. Be6 1-0

[Event "World Blitz 2024"]
[Site "New York USA"]
[Date "2024.12.30"]
[Round "6.41"]
[White "Ghosh, D."]
[Black "Martirosyan, Haik M."]
[Result "1-0"]
[WhiteElo "2569"]
[BlackElo "2656"]
[PlyCount "115"]
[EventDate "2024.12.30"]
[EventType "blitz"]

1. Nf3 Nf6 2. g3 d5 3. Bg2 b6 4. c4 e6 5. cxd5 Nxd5 6. O-O Be7 7. d4 Bb7 8. Re1 Nf6 9. Nc3 O-O 10. e4 c5 11. d5 exd5 12. exd5 Re8 13. Ne5 Bd6 14. Nc4 Rxe1+ 15. Qxe1 Bf8 16. Ne5 $146 ({RR} 16. Bf4 Nbd7 17. Rd1 Nh5 18. Bc1 a6 19. a4 Rb8 20. Qe2 Nhf6 21. Bf4 Rc8 22. Bh3 Qe8 23. Qxe8 Rxe8 24. Bc7 b5 25. axb5 axb5 26. Nxb5 Ba6 27. Nbd6 Re7 28. Bd8 Re2 29. Bf1 Rc2 30. Bd3 Bxd6 {Hanssen,G-Malin,O Norway 1994 1-0 (49)}) 16... Nbd7 17. Nc6 Qe8 18. Bf4 Qxe1+ 19. Rxe1 a6 20. Bc7 Re8 21. Rd1 b5 22. d6 Ba8 23. a4 b4 24. Nd5 Nxd5 25. Bxd5 g6 26. a5 Bg7 27. b3 Bc3 28. Ne7+ Kg7 29. Bxa8 Rxa8 30. Nd5 Re8 31. Nb6 Ne5 32. d7 Nxd7 33. Rxd7 Re1+ 34. Kg2 Rb1 35. Nd5 Rxb3 36. Nxc3 bxc3 37. Be5+ Kf8 38. Rc7 c2 39. Rxc5 Rb5 40. Rc8+ Ke7 41. Bf4 Rb2 42. Bc1 Ra2 43. Kf3 Kd7 44. Rc3 h5 45. h4 Kd6 46. Ke2 Kd5 47. Kd3 Rxa5 48. Rxc2 Rb5 49. Rc7 f6 50. Rg7 Rb3+ 51. Ke2 Ke5 52. Rxg6 Rb5 53. Rg8 a5 54. Ra8 Ke4 55. Bd2 f5 56. Rxa5 f4 57. f3+ Kd4 58. Rxb5 1-0

[Event "World Blitz 2024"]
[Site "New York USA"]
[Date "2024.12.30"]
[Round "6.57"]
[White "Van Foreest, Jorden"]
[Black "Blohberger, Felix"]
[Result "1-0"]
[WhiteElo "2677"]
[BlackElo "2534"]
[PlyCount "81"]
[EventDate "2024.12.30"]
[EventType "blitz"]

1. Nf3 d5 2. b3 Nf6 3. Bb2 Bf5 4. Nh4 Bg6 5. g3 ({RR} 5. Nxg6 hxg6 6. e3 e6 7. c4 c6 8. g3 Nbd7 9. Nc3 Bd6 10. Qe2 Qe7 11. Rd1 Ba3 12. Ba1 Bb4 13. Bg2 O-O 14. O-O Rfe8 15. f4 Rad8 16. g4 Bxc3 17. Bxc3 e5 18. Ba1 Qe6 19. g5 Ne4 {Grischuk,A (2752)-Tomashevsky,E (2724) Novosibirsk 2016 ½-½ (45)}) ({RR} 5. Nxg6 hxg6 6. g3 e6 7. Bg2 Bd6 8. e3 Nbd7 9. Qe2 c6 10. a3 a5 11. d3 Qe7 12. Nd2 e5 13. c4 O-O 14. O-O Rfe8 15. Rfd1 Rac8 16. h4 Nc5 17. cxd5 cxd5 18. d4 exd4 19. Bxd4 Be5 {Morris,J (2433)-Chan Yi Ren,D (2317) Melbourne AUS 2025 ½-½ (44)}) 5... c6 ({RR} 5... e6 6. Bg2 Be7 7. d3 Bh5 8. h3 O-O 9. Nd2 c5 10. g4 Ne8 11. Nhf3 Bg6 12. h4 h6 13. e3 Nc6 14. Qe2 Bf6 15. Bxf6 Qxf6 16. O-O Nb4 17. a3 Nxc2 18. Ra2 Qc3 19. Rc1 Nd4 20. exd4 {Van Foreest,J (2671)-Atanasov,A (2172) Chess.com INT 2021 0-1 (61)}) 6. Bg2 Nbd7 7. O-O $146 ({RR} 7. d3 e6 8. Nd2 Bd6 9. Nxg6 hxg6 10. e4 dxe4 11. dxe4 Be5 12. c3 Nc5 13. Nc4 Bc7 14. O-O Qxd1 15. Raxd1 Ncxe4 16. Rfe1 Nc5 17. Ba3 Ncd7 18. Nd6+ Bxd6 19. Bxd6 O-O-O 20. c4 Nb6 21. a4 Ne8 {Brunello,S (2515)-Herega,N (2187) Ljubljana SLO 2024 1-0 (46)}) ({RR} 7. d3 e6 8. Nd2 Bd6 9. Nxg6 hxg6 10. e4 dxe4 11. dxe4 Be5 12. c3 Nc5 13. Nc4 Bc7 14. O-O Qxd1 15. Raxd1 Ncxe4 16. Rfe1 Nc5 17. Ba3 Ncd7 18. Nd6+ Bxd6 19. Bxd6 O-O-O 20. c4 Nb6 21. a4 Ne8 {Brunello,S (2515)-Herega,N (2187) Ljubljana SLO 2024 1-0 (46)}) 7... e5 8. d3 Be7 9. c4 d4 10. Nd2 O-O 11. a3 a5 12. Nxg6 hxg6 13. Qc2 Bc5 14. Rfb1 Qe7 15. Bc1 Bd6 16. Qb2 Rfb8 17. Ra2 Ra6 18. Nf3 Nc5 19. Ng5 b5 20. Qc2 a4 21. bxa4 Nxa4 22. Bd2 Nc3 23. Bxc3 dxc3 24. cxb5 cxb5 25. Qxc3 Rxa3 26. Rxa3 Bxa3 27. Qa5 b4 28. Bc6 Rc8 29. Ba4 Ne8 30. h4 Nd6 31. Bb3 Kh8 32. Qb6 Rd8 33. Ra1 Kg8 34. Ra2 Rd7 35. Rc2 Rb7 36. Qc6 Kf8 37. Qa6 Rb8 38. Rc6 Rd8 39. Qb6 e4 40. Rc7 Qf6 41. Nh7+ 1-0

[Event "World Blitz 2024"]
[Site "New York USA"]
[Date "2024.12.30"]
[Round "7.34"]
[White "Cheparinov, I."]
[Black "Ghosh, D."]
[Result "1-0"]
[WhiteElo "2646"]
[BlackElo "2569"]
[PlyCount "79"]
[EventDate "2024.12.30"]
[EventType "blitz"]

1. Nf3 d5 2. g3 Nd7 3. d4 Ngf6 4. Bg2 Nb6 5. b3 Bf5 6. a4 a5 7. Nh4 ({RR} 7. Ba3 h6 8. O-O g5 9. Nbd2 Bg7 10. c3 O-O 11. Re1 Re8 12. Ne5 Nbd7 13. Nd3 c6 14. e4 dxe4 15. Nxe4 Nxe4 16. Bxe4 Bxe4 17. Rxe4 Nf6 18. Re2 Nd5 19. Qd2 Nxc3 20. Qxc3 Bxd4 21. Qc2 Bxa1 {Bahmani,K (2208)-Ali,L (2220) chess.com INT 2025 0-1 (32)}) 7... Bg4 8. h3 Bh5 $146 ({RR} 8... Be6 9. O-O Qc8 10. Kh2 g6 11. Nf3 Bg7 12. Nbd2 O-O 13. Ba3 Re8 14. Rc1 Bd7 15. Ne5 Bf5 16. g4 Be6 17. e3 h5 18. f3 c6 19. Qe2 Qc7 20. f4 hxg4 21. hxg4 Nbd7 22. Bh3 c5 23. c3 {Sutormin,D (2325)-Shoshin,K (2258) Senta SRB 2024 1-0 (50)}) ({RR} 8... Be6 9. O-O Qc8 10. Kh2 g6 11. Nf3 Bg7 12. Nbd2 O-O 13. Ba3 Re8 14. Rc1 Bd7 15. Ne5 Bf5 16. g4 Be6 17. e3 h5 18. f3 c6 19. Qe2 Qc7 20. f4 hxg4 21. hxg4 Nbd7 22. Bh3 c5 23. c3 {Sutormin,D (2325)-Shoshin,K (2258) Senta SRB 2024 1-0 (50)}) 9. g4 Bg6 10. Nxg6 hxg6 11. Qd3 e6 12. Nc3 Bb4 13. Bd2 Nbd7 14. e3 Rc8 15. Nb5 Bxd2+ 16. Qxd2 Ra8 17. c4 O-O 18. O-O c6 19. Nc3 Qe7 20. f4 Rfd8 21. Qc2 Ne8 22. Rae1 Qb4 23. Na2 Qe7 24. Nc1 Rac8 25. Nd3 c5 26. cxd5 cxd4 27. Qf2 exd5 28. exd4 Qd6 29. f5 g5 30. Qd2 Qf6 31. Ne5 Nf8 32. Qxa5 Nc7 33. Rc1 Qd6 34. Qc5 Qf6 35. Qb4 Qa6 36. Qe7 Qb6 37. Qxf7+ Kh8 38. f6 Nce6 39. Qh5+ Nh7 40. Ng6+ 1-0

[Event "World Blitz 2024"]
[Site "New York USA"]
[Date "2024.12.30"]
[Round "11.35"]
[White "Jumabayev, R."]
[Black "Robson, R."]
[Result "1-0"]
[WhiteElo "2573"]
[BlackElo "2700"]
[PlyCount "123"]
[EventDate "2024.12.30"]
[EventType "blitz"]

1. Nf3 d5 2. g3 c5 3. Bg2 Nf6 4. O-O g6 5. c4 Bg7 6. Qa4+ Nc6 7. Ne5 Qd6 8. cxd5 Nxd5 9. Nc4 Qd8 10. Nc3 e6 11. Ne4 $146 ({RR} 11. Qb5 O-O 12. Qxc5 Ndb4 13. d3 b6 14. Qd6 Ba6 15. Qxd8 Raxd8 16. Bg5 f6 17. Be3 Nd4 18. Bxd4 Rxd4 19. a3 Bxc4 20. axb4 Bb3 21. Ra3 Rxb4 22. Rxa7 f5 23. Rc1 Rf7 24. Ra6 Rc7 25. e3 Bf8 {Ponkratov,P (2564)-Vetokhin,S (2502) Sochi RUS 2024 1-0 (70)}) ({RR} 11. Ne3 O-O 12. Nexd5 exd5 13. Nxd5 Re8 14. e4 Bd7 15. d3 Nb4 16. Qb3 a5 17. Be3 a4 18. Qd1 Nxd5 19. exd5 Bxb2 20. Rb1 a3 21. Bxc5 Qa5 22. d4 Bf5 23. d6 b6 24. Bxa8 Rxa8 25. Qf3 bxc5 {Maletin,P (2575)-Sychev,K (2543) Sochi RUS 2024 ½-½ (32)}) 11... O-O 12. d3 Nd4 13. Qd1 b6 14. Bg5 Qd7 15. Nf6+ Nxf6 16. Bxa8 Nd5 17. Bxd5 exd5 18. Nd2 Ne6 19. Nf3 Bxb2 20. Rb1 Bg7 21. Bd2 d4 22. a4 Nc7 23. Qc2 Nd5 24. a5 Re8 25. Rfe1 Bb7 26. axb6 axb6 27. Ra1 Bc6 28. Nh4 h6 29. Ng2 g5 30. Rab1 Qh3 31. f3 g4 32. Nf4 Nxf4 33. Bxf4 gxf3 34. exf3 Rxe1+ 35. Rxe1 Bxf3 36. Qf2 Bc6 37. Be5 Bf8 38. Bf6 b5 39. Ra1 Kh7 40. Re1 b4 41. Re5 b3 42. Re1 Bd5 43. Re5 Bc6 44. Qe2 Bd6 45. Rh5 b2 46. Rxh3 b1=Q+ 47. Kf2 Qh1 48. Rh4 Qg2+ 49. Ke1 Qh1+ 50. Kf2 Qg2+ 51. Ke1 Qh1+ 52. Qf1 Qd5 53. g4 Qe6+ 54. Kd2 Qa2+ 55. Ke1 Qe6+ 56. Kd2 c4 57. Qf5+ Qxf5 58. gxf5 c3+ 59. Ke2 c2 60. Bg5 Kg7 61. Rxh6 Bf4 62. Bxf4 1-0

[Event "World Blitz 2024"]
[Site "New York USA"]
[Date "2024.12.30"]
[Round "12.7"]
[White "Dubov, Daniil"]
[Black "Xiong, Jeffery"]
[Result "1-0"]
[WhiteElo "2693"]
[BlackElo "2636"]
[PlyCount "81"]
[EventDate "2024.12.30"]
[EventType "blitz"]

1. Nf3 d5 2. b3 Bf5 3. Bb2 e6 4. d3 h6 5. Nbd2 Nf6 6. g3 Be7 7. Bg2 O-O 8. O-O Bh7 9. c4 c6 10. Rc1 a5 11. a3 Re8 12. Rc2 Nbd7 13. Qa1 Bd6 14. Ne5 Nxe5 15. Bxe5 Bxe5 16. Qxe5 Nd7 ({RR} 16... Qe7 17. Qb2 Nd7 18. Rb1 Qd6 19. b4 b6 20. Qb3 axb4 21. axb4 b5 22. cxd5 cxd5 23. Qc3 Bg6 24. Nb3 Rec8 25. Qxc8+ Rxc8 26. Rxc8+ Kh7 27. Na5 Qe5 28. Rc2 h5 29. Nc6 Qd6 30. Nd4 Qb6 31. Nf3 {Harikrishnan,A (2502)-Taranowicz,M (2124) Suwalki POL 2024 1-0 (53)}) 17. Qb2 Qf6 18. Qb1 $146 ({RR} 18. Qxf6 Nxf6 19. Rfc1 g5 20. Rb2 Re7 21. b4 axb4 22. axb4 Ne8 23. b5 Kf8 24. Bf3 Bg6 25. bxc6 bxc6 26. Rb6 Rc7 27. Nb3 Ke7 28. h4 gxh4 29. gxh4 h5 30. Kg2 Raa7 31. cxd5 cxd5 32. Rxc7+ Rxc7 {Vokac,M (2451)-Dolezal,R (2432) Cesky Krumlov 2008 1-0 (45)}) ({RR} 18. Rfc1 Qxb2 19. Rxb2 Bg6 20. h3 Ra7 21. f4 f6 22. Kf2 Bf7 23. b4 axb4 24. axb4 Rea8 25. Nb3 Ra2 26. Rxa2 Rxa2 27. cxd5 exd5 28. Na5 c5 29. Nxb7 cxb4 30. Nd6 Ra5 31. Rc8+ Nf8 32. Rb8 d4 {Nogueiras Santiago,J (2493)-Miranda Mesa,E (2411) Havana 2013 1-0 (37)}) 18... Bg6 19. h3 Qe7 20. Qb2 Nf6 21. Rfc1 Qd6 22. cxd5 exd5 23. Nf3 Nd7 24. Nd4 Qf6 25. b4 axb4 26. axb4 Ra4 27. Nf3 Qd6 28. Rb1 Rea8 29. Kh2 Bf5 30. Qc3 Ra3 31. Qd2 Qf6 32. Qf4 Be6 33. Nd4 Qe5 34. Qxe5 Nxe5 35. f4 Nxd3 36. exd3 Rxd3 37. Nxe6 fxe6 38. b5 Raa3 39. bxc6 bxc6 40. Rxc6 Re3 41. Rxe6 1-0

[Event "World Blitz 2024"]
[Site "New York USA"]
[Date "2024.12.30"]
[Round "12.30"]
[White "Salem, AR."]
[Black "Christiansen, Johan-Sebastian"]
[Result "1-0"]
[WhiteElo "2622"]
[BlackElo "2661"]
[PlyCount "77"]
[EventDate "2024.12.30"]
[EventType "blitz"]

1. Nf3 d5 2. g3 Nf6 3. Bg2 e6 4. O-O Be7 5. d3 O-O 6. Nbd2 c5 7. e4 Nc6 8. Re1 b5 9. e5 Nd7 10. Nf1 a5 11. h4 a4 12. Bf4 b4 13. Ne3 a3 14. b3 Nd4 15. Nxd4 cxd4 16. Ng4 Re8 $146 ({RR} 16... Ra6 17. Nh2 Rc6 18. Rc1 Qb6 19. Ng4 Re8 20. h5 Ba6 21. Qd2 Rec8 22. Bg5 Bf8 23. h6 g6 24. Bf6 Qc7 25. Qg5 Nxf6 26. Nxf6+ Kh8 27. Qf4 Bxd3 28. Nxd5 exd5 29. Bxd5 Bf5 30. Bxc6 Qxc6 31. Qxd4 {Pessi,E (2311)-Berescu,A (2511) Bucharest 2007 0-1 (79)}) 17. h5 h6 18. Nh2 Nb8 19. g4 Bg5 20. Bg3 Bh4 21. Bf4 Bg5 22. Bg3 Bh4 23. Nf3 Bxg3 24. fxg3 Nc6 25. Qd2 Ra5 26. Re2 Rc5 27. Rf1 Rc3 28. g5 hxg5 29. Nxg5 Rf8 30. h6 gxh6 31. Nh3 Kg7 32. Rf6 Rh8 33. Nf4 Qc7 34. Nh5+ Kf8 35. Qf4 Ke8 36. Ng7+ Kf8 37. Rxh6 Rg8 38. Nh5 Qe7 39. Nf6 1-0

[Event "Hong Kong Open 2024"]
[Site "Hong Kong HKG"]
[Date "2024.12.31"]
[Round "7.1"]
[White "Bai, Jinshi"]
[Black "Bernadskiy, V."]
[Result "1-0"]
[WhiteElo "2551"]
[BlackElo "2546"]
[PlyCount "71"]
[EventDate "2024.12.27"]
[EventType "swiss"]
[EventRounds "9"]
[EventCountry "HKG"]

1. Nf3 Nf6 2. g3 g6 3. Bg2 Bg7 4. O-O O-O 5. d4 d6 6. b3 a5 7. c4 a4 8. Bb2 axb3 9. axb3 Rxa1 10. Bxa1 c6 11. Nc3 d5 $146 ({RR} 11... Na6 12. Qd2 Qa5 13. Bb2 Qb4 14. Qc2 Bf5 15. e4 Bg4 16. Ne1 Qb6 17. Na4 Qa7 18. Nd3 Bc8 19. Ra1 Nd7 20. c5 Qb8 21. b4 dxc5 22. bxc5 Qc7 23. Qb3 e5 24. d5 cxd5 25. exd5 Ndxc5 26. Naxc5 {Dounis,A (2269)-Klenburg,M (2342) Chess.com INT 2022 ½-½ (57)}) ({RR} 11... Qc7 12. Qc1 Na6 13. e4 e5 14. dxe5 dxe5 15. Bb2 Bg4 16. Nxe5 Qxe5 17. Nd5 Qe6 18. Ne3 Bh3 19. Nf5 Bxf5 20. exf5 Qxf5 21. Rd1 Nc5 22. Qe3 Re8 23. Qd4 Nh5 24. Qd2 Bxb2 25. Qxb2 Nf6 26. b4 {Shamsi,M (2217)-Hristodoulou,P (2387) chess.com INT 2024 0-1 (41)}) 12. Ne5 dxc4 13. bxc4 Nbd7 14. Nxd7 Nxd7 15. e3 Qa5 16. Qa4 Qh5 17. Ne4 Nf6 18. Nxf6+ Bxf6 19. Qb4 Re8 20. e4 Bg7 21. e5 f6 22. d5 fxe5 23. dxc6 bxc6 24. Bxc6 Bh3 25. Re1 Rd8 26. Bd5+ Kf8 27. f4 Bf6 28. fxe5 Bg5 29. e6 Re8 30. Bc6 Rc8 31. Qb7 Rd8 32. Qb6 Rc8 33. Qf2+ Bf5 34. Bf3 Qh6 35. h4 Bd2 36. Qd4 1-0